សត្វល្អិតសំខាន់ៗ បំផ្លាញគ្រាប់ក្នុងឃ្លាំង និង​ វិធានការកំចាត់ (Record no. 73)

000 -LEADER
fixed length control field 00561nam a22001577a 4500
003 - CONTROL NUMBER IDENTIFIER
control field OSt
005 - DATE AND TIME OF LATEST TRANSACTION
control field 20150906094438.0
008 - FIXED-LENGTH DATA ELEMENTS--GENERAL INFORMATION
fixed length control field 150906b xxu||||| |||| 00| 0 eng d
040 ## - CATALOGING SOURCE
Transcribing agency RUA
082 ## - DEWEY DECIMAL CLASSIFICATION NUMBER
Classification number AGR សុិក 1991 B004 Or.1
100 ## - MAIN ENTRY--PERSONAL NAME
9 (RLIN) 76
Personal name សុិក បូរ័ក្ស
245 ## - TITLE STATEMENT
Title សត្វល្អិតសំខាន់ៗ បំផ្លាញគ្រាប់ក្នុងឃ្លាំង និង​ វិធានការកំចាត់
260 ## - PUBLICATION, DISTRIBUTION, ETC. (IMPRINT)
Place of publication, distribution, etc. Phnom Penh
Name of publisher, distributor, etc. RUA
Date of publication, distribution, etc. 1991
300 ## - PHYSICAL DESCRIPTION
Extent 79p.
Other physical details ill.
Dimensions 29cm.
942 ## - ADDED ENTRY ELEMENTS (KOHA)
Source of classification or shelving scheme
Koha item type AGR
Holdings
Price effective from Date last seen Permanent Location Not for loan Date acquired Source of classification or shelving scheme Koha item type Lost status Withdrawn status Date last checked out Total Checkouts Shelving location Damaged status Barcode Current Location Full call number
2015-09-062019-07-19Library Block B 2015-09-06 AGR  2019-07-081B004 RUA005541Library Block BAGR សុិក 1991 B004 Or.1
2015-09-062015-09-06Library Block B 2015-09-06 AGR    B004 RUA004927Library Block BAGR សុិក 1991 B004 Or.2
2015-09-062016-07-12Library Block B 2015-09-06 AGR  2016-07-061B004 RUA005508Library Block BAGR សុិក 1991 B004 Or.3
2015-09-062015-09-06Library Block B 2015-09-06 AGR    B004 RUA004849Library Block BAGR សុិក 1991 B004 Or.4
2015-09-062015-09-06Library Block B 2015-09-06 AGR    B004 RUA005973Library Block BAGR សុិក 1991 B004 Or.5
2015-09-062015-09-06Library Block B 2015-09-06 AGR    B004 RUA005342Library Block BAGR សុិក 1991 B004 Or.6
2015-09-062019-08-05Library Block B 2015-09-06 AGR  2019-07-222B004 RUA005892Library Block BAGR សុិក 1991 B004 Or.7
2015-09-062019-07-12Library Block B 2015-09-06 AGR  2019-07-081B004 RUA005815Library Block BAGR សុិក 1991 B004 Or.8
មជ្ឈមណ្ឌលឯការនៃសាកលវិទ្យាល័យភូមិន្ទកសិកម្មចំការដូង

Powered by Koha